| 000 | 00478nam a22001457a 4500 | ||
|---|---|---|---|
| 082 | _a004 | ||
| 100 | _aIqtidar, Aamna | ||
| 245 |
_aBuilding a biomedical ontology on genetic disorders / _cAamna Iqtidar. |
||
| 260 |
_aIslamabad : _bCEME - NUST, _c2016. |
||
| 300 |
_aVar p. : ill. ; _c30cm. |
||
| 650 |
_aComputer Software Engineering - MS Theses. _934609 |
||
| 700 |
_aSup: Dr. Usman Qamar. _934781 |
||
| 942 |
_2ddc _cTHE |
||
| 999 |
_c540641 _d540641 |
||